El hombre ilustrado /
Guardado en:
| Autor Principal: | |
|---|---|
| Otros Autores: | |
| Formato: | Libro |
| Publicado: |
Buenos Aires :
Minotauro,
2010.
|
| Edición: | 7a. ed. |
| Series: | Autores
|
| Materias: | |
| Etiquetas: |
Agregar Etiqueta
Sin Etiquetas, Sea el primero en etiquetar este registro!
|
| LEADER | 01102nam a22002655a 4500 | ||
|---|---|---|---|
| 001 | CEM.cems019073 | ||
| 008 | 220623s2010##################000#0#####d | ||
| 005 | 20220623152252.0 | ||
| 003 | CEMS | ||
| 245 | 1 | 0 | |a El hombre ilustrado / |c Ray Bradbury ; traducido por Francisco Abelenda. |
| 250 | |a 7a. ed. | ||
| 260 | |a Buenos Aires : |b Minotauro, |c 2010. | ||
| 300 | |a 288 p. | ||
| 490 | 1 | |a Autores | |
| 505 | 0 | |a La pradera -- Calidoscopio -- El otro pie -- La carretera -- El hombre -- La lluvia -- El hombre del cohete -- Los globos de fuego -- La última noche del mundo -- Los desterrados -- Una noche o una mañana cualquiera -- El zorro y el bosque -- El visitante -- La mezcladora de cemento -- Marionetas S.A. -- La ciudad -- La hora cero -- El cohete | |
| 020 | |a 9789505471003 | ||
| 100 | 1 | |a Bradbury, Ray | |
| 700 | 1 | |a Abelenda, Francisco; trad. | |
| 082 | 0 | 4 | |a 818.5 |
| 653 | |a Cuentos | ||
| 653 | |a Cuentos ciencia ficción | ||
| 653 | |a Cuentos estados unidos | ||
| 653 | |a Literatura | ||
| 653 | |a Literatura norteamericana | ||
| 859 | |a CEMS |b BIB. CEMS - 11 de abril |h 818.5 |i B726-1a7 |p 29194.22 |t Ej. 1 | ||
